000 00840cab a2200253 4500
001 ABS47702
008 090401t1992 xxu||||| |||| 00| 0 eng d
035 _a(Sirsi) u63137
041 _aeng
100 _aRobinson, P.
245 _aMineral rights: quarry battles set to begin
260 _c1992
350 _a0
490 _aEstates Gazette
_v(9246) 21 November 1992, 86-86(2)
520 _aOutlines the next steps to be taken by those claiming to hold mineral rights and looks ahead to the appeals procedure under the Planning and Compensation Act 1991.
650 _aAPPEAL PROCEDURE
650 _aINTERIM DEVELOPMENT ORDERS
650 _aMINERAL EXTRACTION
650 _aPLANNING AND COMPENSATION ACT 1991
690 _aMINING AND MINERALS
690 _aPLANNING LAW AND PRACTICE
942 _n0
948 _c04/03/1997
999 _c39253
_d39253